Buy-to-let : the role for surveyors (Record no. 63235)

MARC details
000 -LEADER
fixed length control field 00858cam a2200241 4500
001 - CONTROL NUMBER
control field ABS62257
008 - FIXED-LENGTH DATA ELEMENTS--GENERAL INFORMATION
fixed length control field 000000n2000 000 0 eng u
035 ## - SYSTEM CONTROL NUMBER
System control number (Sirsi) u105536
100 ## - MAIN ENTRY--PERSONAL NAME
Personal name Holloway, D.
245 ## - TITLE STATEMENT
Title Buy-to-let : the role for surveyors
260 ## - PUBLICATION, DISTRIBUTION, ETC.
Date of publication, distribution, etc. 2000
490 ## - SERIES STATEMENT
Series statement CSM
-- Chartered Surveyor Monthly
Volume/sequential designation April 2000, 22-23(2)
520 ## - SUMMARY, ETC.
Summary, etc. Discusses how surveyors could benefit from the Association of Residential Agents 'buy-to-let' initiative, getting involved with the purchase of such property, condition surveys, property management and insurance advice..
590 ## - LOCAL NOTE (RLIN)
Local note ABS
650 ## - SUBJECT ADDED ENTRY--TOPICAL TERM
Topical term or geographic name entry element LETTING AGENTS
650 ## - SUBJECT ADDED ENTRY--TOPICAL TERM
Topical term or geographic name entry element Property management
9 (RLIN) 6262
650 ## - SUBJECT ADDED ENTRY--TOPICAL TERM
Topical term or geographic name entry element SAFETY
650 ## - SUBJECT ADDED ENTRY--TOPICAL TERM
Topical term or geographic name entry element CONDITION SURVEYS
650 0# - SUBJECT ADDED ENTRY--TOPICAL TERM
Topical term or geographic name entry element ASSOCIATION OF RESIDENTIAL LETTING AGENTS
650 ## - SUBJECT ADDED ENTRY--TOPICAL TERM
Topical term or geographic name entry element BUY-TO-LET
690 ## - LOCAL SUBJECT ADDED ENTRY--TOPICAL TERM (OCLC, RLIN)
Topical term or geographic name as entry element SURVEYING SERVICES
942 ## - ADDED ENTRY ELEMENTS (KOHA)
Suppress in OPAC 0
Holdings
Withdrawn status Lost status Source of classification or shelving scheme Damaged status Not for loan Home library Current library Shelving location Date acquired Total Checkouts Full call number Barcode Date last seen Copy number Price effective from Koha item type
    Dewey Decimal Classification     London London Journal article 20/04/2000   ABS62257 105536-1001 06/08/2019 1 06/08/2019 Journal article